Diseño de un sistema para procesar electrónicamente el control de inventario

Presenta un diseño para un sistema de control de inventarios y producción especialmente en industrias, se pretende dar bases fundamentales para montar, cada quien a su conveniencia.

Bibliographic Details
Main Author: Chávez Saca, Miguel Ángel Orlando
Other Authors: Tutor: Flores Saenz, William
Format: Tesis Section = Libro
Language:Undetermined
Spanish
Published: Guatemala USAC-G 1978
Subjects:
LEADER 00868nam a2200217Ia 4500
008 240830s9999 xx 000 0 und d
040 |a BIBLIOTECA-RUSB/ Mon 658.787 Ch512 
041 |a spa 
082 |a Mon 658.787 Ch512 
100 1 |a Chávez Saca, Miguel Ángel Orlando 
245 1 0 |a Diseño de un sistema para procesar electrónicamente el control de inventario 
260 |a Guatemala  |b USAC-G  |c 1978 
300 |a 44 p. :il. 
502 |a Tesis (Ingeniero Químico) - USAC-G, 1978. 
520 3 |a Presenta un diseño para un sistema de control de inventarios y producción especialmente en industrias, se pretende dar bases fundamentales para montar, cada quien a su conveniencia. 
650 7 |a CONTROL DE INVENTARIO 
650 7 |b  PROCESAMIENTO ELECTRONICO DE DATOS 
700 1 |a Tutor:  |b Flores Saenz, William 
942 |c BK  |2 ddc 
991 |a TESIS 
999 |c 20616